| 000 | 02260nam0a2200397 4500 | ||
|---|---|---|---|
| 001 | RU\NLR\bibl\1835273 | ||
| 005 | 20260405075541.0 | ||
| 010 |
_a978-5-7695-7956-1 _91500 |
||
| 021 |
_aRU _b2011-84337 _96008 |
||
| 035 | _a(NLR Aleph) 001825759 | ||
| 090 |
_a2068536 _c2068536 |
||
| 100 | _a20111117d2011 |||y0rusy50 ca | ||
| 101 | 0 | _arus | |
| 102 | _aRU | ||
| 105 | _aa ||||||||| | ||
| 200 | 1 |
_aОбщая химия _eучебник для студентов высших учебных заведений, обучающихся по направлению подготовки высшего профессионального образования "Геология", "Почвоведение", "Биология", "Экология и природопользование" и специальностям "Биоинженерия и биоинформатика", "Лечебное дело", "Фармация" _fГ.П. Жмурко, Е.Ф. Казакова, В.Н. Кузнецов, А.В. Яценко _gпод ред. проф. С.Ф. Дунаева _gМГУ им. М.В. Ломоносова, Хим. фак. |
|
| 210 |
_aМосква _cАкадемия _d2011 |
||
| 215 |
_a504, [1] с. _cил. _d24 |
||
| 225 | 1 |
_aВысшее профессиональное образование _iЕстественные науки |
|
| 225 | 1 | _aУчебник | |
| 225 | 1 | _aБакалавриат | |
| 320 | _aБиблиогр.: с. 498 | ||
| 320 | _aПредм. указ.: с. 494-497 | ||
| 606 | 1 |
_aХимия _jУчебники для высших учебных заведений _9898913 _3RU\NLR\auth\666296 |
|
| 686 | _aГ1я73-1 | ||
| 701 | 1 |
_aЖмурко _bГ. П. _gГалина Петровна _4070 |
|
| 701 | 1 |
_aКазакова _bЕ. Ф. _gЕлена Федоровна _4070 |
|
| 701 | 1 |
_4070 _8rus _7ca _aКузнецов _bВ. Н. _cканд. хим. наук _f1953- _gВиктор Николаевич _3RU\NLR\auth\7727050 _910087 |
|
| 701 | 1 |
_aЯценко _bА. В. _gАлександр Васильевич _4070 |
|
| 702 | 1 |
_aДунаев _bС. Ф. _f1946- _gСергей Федорович _4340 |
|
| 801 | 0 |
_aRU _bNLR _c20111117 _gRCR |
|
| 801 | 1 |
_aRU _bNLR _c20111117 |
|
| 942 | _cBOOK | ||
| 980 | _aNB | ||
| 980 | _aNBR | ||